Estatísticas para Os 15 principais países com mortes por Covid19; 24 outubro

Clique aqui para jogar o quiz

Estatísticas Gerais

  • Esse quiz foi jogado 6 vezes
  • A pontuação média é 17 de 20

Estatísticas das Respostas

país% Correto
Argentina
100%
Brasil
100%
Colômbia
100%
Espanha
100%
Estados Unidos
100%
França
100%
Itália
100%
México
100%
Peru
100%
Reino Unido
100%
Chile
83%
Equador
83%
Índia
83%
Irão
83%
Rússia
83%
Bélgica
67%
Bolívia
67%
Panamá
67%
África do Sul
50%
Suécia
33%

Distribuição das Pontuações

Percentil de Números Respondidos

Porcentagem de Pessoas com Cada Pontuação

Sua Pontuação Histórica

Você não jogou esse quiz